Pour des batiments écologiquement viables enjeux et politiques
Na minha lista:
| Formato: | Livro |
|---|---|
| Idioma: | francês |
| Publicado em: |
Paris
OECD
2003
|
| Assuntos: | |
| Tags: |
Sem tags, seja o primeiro a adicionar uma tag!
|
MARC
| LEADER | 00000nam a2200000 4500 | ||
|---|---|---|---|
| 001 | c143257 | ||
| 005 | 20221124084808.4 | ||
| 020 | |a 92-64-29825-8 | ||
| 041 | 0 | |a fre | |
| 044 | |a FR | ||
| 245 | 1 | 0 | |a Pour des batiments écologiquement viables |b enjeux et politiques |
| 264 | 1 | |a Paris |b OECD |c 2003 | |
| 300 | |a 221 s. | ||
| 610 | 2 | 0 | |a stavebníctvo |
| 610 | 2 | 0 | |a stavby |
| 610 | 2 | 0 | |a politika environmentálna |
| 610 | 2 | 0 | |a ekológia |
| 610 | 2 | 0 | |a emisie |
| 610 | 2 | 0 | |a analýzy |
| 610 | 2 | 0 | |a údaje štatistické |
| 610 | 2 | 0 | |a porovnanie medzinárodné |
| 610 | 2 | 0 | |a svet |
| 610 | 2 | 0 | |a OECD |